Stuffed Animals And Pickled Heads (Record no. 577904)

MARC details
000 -LEADER
fixed length control field 00470nam a22001577a 4500
008 - FIXED-LENGTH DATA ELEMENTS--GENERAL INFORMATION
fixed length control field 250729b |||||||| |||| 00| 0 eng d
020 ## - INTERNATIONAL STANDARD BOOK NUMBER
ISBN 9780195163360
Paper back/Hardbound PBK
041 ## - LANGUAGE CODE
Language code of text/sound track or separate title ENG
082 ## - DEWEY DECIMAL CLASSIFICATION NUMBER
Classification number 508.074
Item number ASM
100 ## - MAIN ENTRY--AUTHOR NAME
Personal name Stephen T. Asma
245 ## - TITLE STATEMENT
Title Stuffed Animals And Pickled Heads
Sub Title : culture and evolution of natural history museums
Statement of responsibility, etc Asma Stephen T.
260 ## - PUBLICATION, DISTRIBUTION, ETC. (IMPRINT)
Name of publisher Oxford University Press
700 ## - ADDED ENTRY--PERSONAL NAME
Personal name Stephen T. Asma
942 ## - ADDED ENTRY ELEMENTS (KOHA)
Koha item type Reference
Holdings
Withdrawn status Lost status Damaged status Not for loan Home library Current library Shelving location Date acquired Full call number Accession Number Price effective from Koha item type
        Anna Centenary Library Anna Centenary Library 5TH FLOOR, A WING 18.08.2010 508.074 ASM 267951 29.07.2025 Reference

Find us on the map